| 000 | 01145cam a2200241 a 4500 | ||
|---|---|---|---|
| 001 | 000661793 | ||
| 003 | AM-YeHGA | ||
| 005 | 20250617161215.0 | ||
| 008 | 090527s1967 ai | |||||||||||||rus|d | ||
| 040 | _aAM-YeHGA | ||
| 041 | 0 | _arus | |
| 245 | 0 | 0 |
_aСельскохозяйственные машины : _bТеория и технологический расчет / _cБ.Г. Турбин, А.Б. Лурье, С.М. Григорьев и др.; Под. ред. Б.Г. Турбина. |
| 250 | _a2-е изд., перераб. и доп. | ||
| 260 |
_aЛенинград : _bМашиностроение, _c1967. |
||
| 300 |
_a584 с. : _bил., табл. ; _c26 см. |
||
| 504 | _aБиблиогр. в подстроч. примеч. | ||
| 650 | 1 | 4 | _aСельскохозяйственные машины и орудия |
| 650 | 1 | 4 | _aМеханизация сельского хозяйства |
| 700 | 1 |
_aТурбин, Борис Григорьевич _eавт., ред. _4aut _4edt |
|
| 700 | 1 | _aЛурье, Абрам Бенцианович | |
| 700 | 1 | _aГригорьев, Сергей Михайлович | |
| 090 | _c470683 | ||
| 999 |
_c467454 _d467454 |
||